000
00266nam a22001217a 4500
008
190129b xxu||||| |||| 00| 0 eng d
041
_a
eng
080
_a
591
100
_a
7
101
_a
ZOO
245
_a
Moths of Eastern America
_c
Covell, Ch. V
942
_2
udc
_c
BK
999
_c
53891
_d
53891